000 00546nam a2200157 a 4500
001 000043198
005 20201002040720.0
008 140224s2012 cu 000 0 spa d
020 _a9789592712010
040 _aDO-SdBNP
_bspa
_cBNPHU
100 1 _aPedro Pablo, Rodríguez
_970791
245 1 3 _aUn caudillo útil, San Martín en José Martí /
_cPedro Pablo Rodríguez.
260 _aLa Habana :
_bCentro de Estudios Martinianos,
_c2012.
300 _a54 p. ;
_c19 cm.
500 _aIncluye referencias bibliográficas y notas al pie de las páginas
999 _c42687
_d42687